Creole Jesuits in the Province of New Spain in 1767 : Architecture, Organization, Profile, and Identity /
In 1767, King Carlos III of Spain ordered the expulsion of the Jesuits from his dominions. This study examines the Jesuits in the Province of New Spain (Mexico, Cuba, Guatemala) at the time of the expulsion, their urban educational and spiritual role, and their administration of frontier missions. T...
Main Author:
Format: eBook
Language: English
Published:
Leiden ; Boston :
Brill,
2025.
Series:
Early Modern History and Modern History E-Books Online, Collection 2025.
European Expansion and Indigenous Response ;
47.
Subjects:
Online Access: Login to view Source
Tags: Add Tag
Call Number: N5305
| LEADER | 02680nam a22004938i 4500 | ||
|---|---|---|---|
| 001 | BRILL9789004739338 | ||
| 003 | nllekb | ||
| 005 | 20251230231213.0 | ||
| 006 | m d | ||
| 007 | cr un uuuua | ||
| 008 | 250709s2025 gw sb 001 0 eng d | ||
| 020 | |a 9789004739338 |q (electronic book) | ||
| 020 | |z 9789004739321 |q (print) | ||
| 024 | 7 | |a 10.1163/9789004739338 |2 DOI | |
| 035 | |z (OCoLC)1513570510 | ||
| 040 | |a NL-LeKB |c NL-LeKB |e rda | ||
| 041 | |a eng | ||
| 050 | 4 | |a N5305 | |
| 072 | 7 | |a HBJK |2 bicssc | |
| 072 | 7 | |a HIS |x 036000 |2 bisacsh | |
| 082 | 0 | 4 | |a 709 |2 23 |
| 100 | 1 | |a Jackson, Robert H., |e author. | |
| 245 | 1 | 0 | |a Creole Jesuits in the Province of New Spain in 1767 : |b Architecture, Organization, Profile, and Identity / |c Robert H. Jackson. |
| 246 | 3 | |a Architecture, Organization, Profile, and Identity | |
| 264 | 1 | |a Leiden ; |a Boston : |b Brill, |c 2025. | |
| 264 | 4 | |c ©2025 | |
| 300 | |a 1 online resource (380 pages) : |b illustrations. | ||
| 336 | |a text |b txt |2 rdacontent | ||
| 337 | |a computer |b c |2 rdamedia | ||
| 338 | |a online resource |2 rdacarrier | ||
| 490 | 1 | |a Early Modern History and Modern History E-Books Online, Collection 2025 | |
| 490 | 1 | |a European Expansion and Indigenous Response ; |v 47 | |
| 504 | |a Includes bibliographical references and index. | ||
| 520 | |a In 1767, King Carlos III of Spain ordered the expulsion of the Jesuits from his dominions. This study examines the Jesuits in the Province of New Spain (Mexico, Cuba, Guatemala) at the time of the expulsion, their urban educational and spiritual role, and their administration of frontier missions. The King sent the exiled Jesuits to live out their lives in the Papal States. The book also explores the profile (i.e. the collective biography) of the Jesuits, and their fate following the expulsion. At the time of the expulsion, the majority of the Jesuits in New Spain were born in the Americas, mostly in Mexico. The Jesuits invested large sums of money in the construction of urban colegios, which are here analyzed together with the rest of the Jesuit architectural patrimony. | ||
| 546 | |a English | ||
| 588 | |a Description based on print version record. | ||
| 650 | 0 | |a American Studies. | |
| 650 | 0 | |a Art History. | |
| 776 | 0 | 8 | |i Print version: |t Creole Jesuits in the Province of New Spain in 1767 : Architecture, Organization, Profile, and Identity. |d Leiden ; Boston : Brill, 2025. |z 9789004739321 |
| 830 | 0 | |a Early Modern History and Modern History E-Books Online, Collection 2025. | |
| 830 | 0 | |a European Expansion and Indigenous Response ; |v 47. | |
| 856 | 4 | |z DOI: |u http://dx.doi.org/10.1163/9789004739338 | |
| 942 | |2 lcc |c EBOOK | ||
| 999 | |c 61758 |d 61758 | ||
